LEADER 01164cam0-22003371i-4500 001 990005864240403321 005 20170124163126.0 010 $a3-631-30097-2 035 $a000586424 035 $aFED01000586424 035 $a(Aleph)000586424FED01 035 $a000586424 100 $a20000301d1997----km-y0itay50------ba 101 0 $aita 102 $aDE 105 $ay-------001yy 200 1 $aCinque miti della metafora nella Übersetzungswissenschaft$eproblemi di traduzione delle immagini figurate nella coppia di lingue: tedesco (lingua di partenza) - italiano (lingua d'arrivo)$fDaniela Pirazzini 210 $aFrankfurt am Main ; Berlin$cLang$d1997 215 $a234 p.$d21 cm 225 1 $aEuropäische Hochschulschriften$hReihe 9,$iItalianische Sprache und Literatur$v27 610 0 $aMetafora 610 0 $aTraduzioni 676 $a418.02$v21$zita 700 1$aPirazzini,$bDaniela$0223035 801 0$aIT$bUNINA$gRICA$2UNIMARC 901 $aBK 912 $a990005864240403321 952 $a418.02 PIR 1$bBibl.28446$fFLFBC 959 $aFLFBC 996 $aCinque miti della metafora nella Übersetzungswissenschaft$9565125 997 $aUNINA LEADER 00997nam a2200265 i 4500 001 991000774469707536 005 20020507173422.0 008 930909s1990 it ||| | eng 035 $ab10755408-39ule_inst 035 $aLE01302114$9ExL 040 $aDip.to Matematica$beng 082 0 $a519.4 084 $aAMS 65-06 084 $aAMS 65-XX 245 10$aComputational mathematics and applications :$b8th France-U.S.S.R.-Italy joint symposium proc. Pavia, Oct. 2-6, 1989 /$ced. Ist. anal. numer 260 $aPavia :$bIAN-CNR,$c1990 300 $axi, 390 p. ;$c30 cm. 490 0 $aPubblicazioni ;$v730 650 4$aNumerical analysis$xCongresses 907 $a.b10755408$b23-02-17$c28-06-02 912 $a991000774469707536 945 $aLE013 65-XX IAN11 (1989)$g1$i2013000070858$lle013$o-$pE0.00$q-$rl$s- $t0$u0$v0$w0$x0$y.i10849622$z28-06-02 996 $aComputational mathematics and applications$9911178 997 $aUNISALENTO 998 $ale013$b01-01-93$cm$da $e-$feng$git $h0$i1 LEADER 04987nam 2201141Ia 450 001 9910783670703321 005 20230617003517.0 010 $a1-282-36058-2 010 $a9786612360589 010 $a0-520-94172-1 010 $a1-59875-801-2 024 7 $a10.1525/9780520941724 035 $a(CKB)1000000000246836 035 $a(EBL)240963 035 $a(OCoLC)475955440 035 $a(SSID)ssj0000162789 035 $a(PQKBManifestationID)11149522 035 $a(PQKBTitleCode)TC0000162789 035 $a(PQKBWorkID)10208074 035 $a(PQKB)11086711 035 $a(MiAaPQ)EBC240963 035 $a(OCoLC)62208648 035 $a(MdBmJHUP)muse30868 035 $a(DE-B1597)520087 035 $a(DE-B1597)9780520941724 035 $a(Au-PeEL)EBL240963 035 $a(CaPaEBR)ebr10091266 035 $a(CaONFJC)MIL236058 035 $a(EXLCZ)991000000000246836 100 $a20050426d2005 ub 0 101 0 $aeng 135 $aurnn#---|u||u 181 $ctxt 182 $cc 183 $acr 200 10$aGhost dances and identity$b[electronic resource] $eprophetic religion and American Indian ethnogenesis in the nineteenth century /$fGregory E. Smoak 210 $aBerkeley $cUniversity of California Press$dc2005 215 $a1 online resource (304 p.) 300 $aDescription based upon print version of record. 311 0 $a0-520-25627-1 311 0 $a0-520-24658-6 320 $aIncludes bibliographical references and index. 327 $tFront matter --$tContents --$tMaps --$tAcknowledgments --$tIntroduction: Endings and Beginnings --$tPart One. Identity and Prophecy in the Newe World --$tPart Two. Identity, Prophecy, and Reservation Life --$tConclusion --$tNotes --$tSelected Bibliography --$tIndex 330 $aThis innovative cultural history examines wide-ranging issues of religion, politics, and identity through an analysis of the American Indian Ghost Dance movement and its significance for two little-studied tribes: the Shoshones and Bannocks. The Ghost Dance has become a metaphor for the death of American Indian culture, but as Gregory Smoak argues, it was not the desperate fantasy of a dying people but a powerful expression of a racialized "Indianness." While the Ghost Dance did appeal to supernatural forces to restore power to native peoples, on another level it became a vehicle for the expression of meaningful social identities that crossed ethnic, tribal, and historical boundaries. Looking closely at the Ghost Dances of 1870 and 1890, Smoak constructs a far-reaching, new argument about the formation of ethnic and racial identity among American Indians. He examines the origins of Shoshone and Bannock ethnicity, follows these peoples through a period of declining autonomy vis-a-vis the United States government, and finally puts their experience and the Ghost Dances within the larger context of identity formation and emerging nationalism which marked United States history in the nineteenth century. 606 $aGhost dance$xHistory$y19th century 606 $aShoshoni Indians$xRites and ceremonies 606 $aShoshoni Indians$xReligion 606 $aShoshoni Indians$xEthnic identity 606 $aBannock Indians$xRites and ceremonies 606 $aBannock Indians$xReligion 606 $aBannock Indians$xEthnic identity 610 $a19th century american history. 610 $a19th century native american history. 610 $aamerican indian ghost dance movement. 610 $aamerican indians. 610 $abannocks. 610 $acultural studies. 610 $aethnogenesis. 610 $aghost dance. 610 $ahistory. 610 $aidentity. 610 $aindigenous cultures. 610 $aindigenous peoples. 610 $amissionary. 610 $anationalism. 610 $anative american culture. 610 $anative americans. 610 $anative peoples. 610 $anew religion. 610 $apolitics. 610 $aprophets. 610 $arace in america. 610 $areligion. 610 $areservation life. 610 $ashamans. 610 $ashoshones. 610 $asocial identity. 610 $aspiritual. 610 $asupernatural forces. 610 $aunited states government. 610 $aunited states of america. 615 0$aGhost dance$xHistory 615 0$aShoshoni Indians$xRites and ceremonies. 615 0$aShoshoni Indians$xReligion. 615 0$aShoshoni Indians$xEthnic identity. 615 0$aBannock Indians$xRites and ceremonies. 615 0$aBannock Indians$xReligion. 615 0$aBannock Indians$xEthnic identity. 676 $a299.7/98/09034 686 $aLC 33610$2rvk 700 $aSmoak$b Gregory E.$f1962-$0878956 801 0$bMiAaPQ 801 1$bMiAaPQ 801 2$bMiAaPQ 906 $aBOOK 912 $a9910783670703321 996 $aGhost dances and identity$93860656 997 $aUNINA